Normal view
MARC view
- Iranian languages
Entry Topical Term
001 - CONTROL NUMBER
- control field: 242656
003 - CONTROL NUMBER IDENTIFIER
- control field: KE-NaSUL
005 - DATE AND TIME OF LATEST TRANSACTION
- control field: 20250827004523.0
008 - FIXED-LENGTH DATA ELEMENTS
- fixed length control field: 250827|| aca||aabn | a|a d
040 ## - CATALOGING SOURCE
- Original cataloging agency: KE-NaSUL
- Transcribing agency: KE-NaSUL
150 ## - HEADING--TOPICAL TERM
- Topical term or geographic name as entry element: Iranian languages
- General subdivision: Verb
670 ## - SOURCE DATA FOUND
- Source citation: Work cat.: (KE-NaSUL)242658: Haig, Geoffrey. 242655, Alignment change in Iranian languages, 2008.